Alien technology : (Record no. 49326)

MARC details
000 -LEADER
fixed length control field 01127nam a22002777a 4500
005 - DATE AND TIME OF LATEST TRANSACTION
control field 2010122008348.0
008 - FIXED-LENGTH DATA ELEMENTS--GENERAL INFORMATION
fixed length control field 101220t xxu||||| |||| 00| 0 eng d
010 ## - LCCN (DPL NO)
LC control number ENG-101837
020 ## - INTERNATIONAL STANDARD BOOK NUMBER
International Standard Book Number 9788132104667
Terms of availability 295.00
035 ## - SYSTEM CONTROL NUMBER
System control number EN-85370
037 ## - SOURCE OF ACQUISITION
Source of stock number/acquisition DBAD/PUB
040 ## - CATALOGING SOURCE
Original cataloging agency dpl
Language of cataloging Eng
082 00 - DEWEY DECIMAL CLASSIFICATION NUMBER
Classification number 303.483
Edition number 22
100 1# - MAIN ENTRY--PERSONAL NAME
Personal name Mitra, Ananda
Dates associated with a name 1960-
9 (RLIN) 24969
245 10 - TITLE STATEMENT
Title Alien technology :
Remainder of title coping with modern mysteries /
Statement of responsibility, etc by Ananda Mitra
260 ## - PUBLICATION, DISTRIBUTION, ETC. (IMPRINT)
Place of publication, distribution, etc New Delhi
Name of publisher, distributor, etc SAGE Publications
Date of publication, distribution, etc 2010
270 ## - ADDRESS
Address B1/I-1 Mohan Cooperative Industrial Area , Mathura Road
City New Delhi
Postal code 110044
300 ## - PHYSICAL DESCRIPTION
Extent x,201p.
Dimensions 22cm (pbk)
500 ## - GENERAL NOTE
General note Includes bibliographical references and index.
650 #0 - SUBJECT ADDED ENTRY--TOPICAL TERM
Topical term or geographic name as entry element Technological innovations
General subdivision Social aspects.
9 (RLIN) 24970
650 #0 - SUBJECT ADDED ENTRY--TOPICAL TERM
Topical term or geographic name as entry element Technological innovations
General subdivision Psychological aspects.
9 (RLIN) 24971
650 #0 - SUBJECT ADDED ENTRY--TOPICAL TERM
Topical term or geographic name as entry element Alienation (Social psychology)
9 (RLIN) 24972
942 ## - ADDED ENTRY ELEMENTS (KOHA)
Source of classification or shelving scheme Dewey Decimal Classification
Item type English Books
Classification part 303.483
Call number suffix MIT
Holdings
Withdrawn status Lost status Source of classification or shelving scheme Damaged status Not for loan Collection code Home library Current library Date acquired Source of acquisition Cost, normal purchase price Total Checkouts Full call number Barcode Date last seen Copy number Cost, replacement price Koha item type
    Dewey Decimal Classification   Not For Loan Non-fiction D.B.Act.Division D.B.Act.Division 20/12/2010 DBAD/PUB 295.00   303.483 MIT EN-85370 20/12/2010 1 295.00 English Books

© Delhi Public Library
Hit Counter
free hit counter